Normal view
MARC view
- Miller Roger Leroy, Benjamin Daniel K, North Douglass C
Entry Personal Name
001 - CONTROL NUMBER
- control field: 65734
003 - CONTROL NUMBER IDENTIFIER
- control field: NUST
005 - DATE AND TIME OF LATEST TRANSACTION
- control field: 20210628203501.0
008 - FIXED-LENGTH DATA ELEMENTS
- fixed length control field: 210628|| aca||aabn | a|a d
040 ## - CATALOGING SOURCE
- Original cataloging agency: NUST
- Transcribing agency: NUST
100 ## - HEADING--PERSONAL NAME
- Personal name: Miller Roger Leroy, Benjamin Daniel K, North Douglass C
670 ## - SOURCE DATA FOUND
- Source citation: Work cat.: (NUST): Miller Roger Leroy, Benjamin Daniel K, North Douglass C, The economics of public issues, 2005
